| 000 | 00779nam a22002057a 4500 | ||
|---|---|---|---|
| 005 | 20250221164353.0 | ||
| 008 | 230926b ||||| |||| 00| 0 eng d | ||
| 082 | _aDPer 379.1 J826 Winter - Spring 2020 v. 45 n. 3-4 | ||
| 100 |
_aMendiola, Brenda. _eauthor. _949156 |
||
| 245 |
_aHawaii / _cBrenda Mendiola and Yvette Bynum. |
||
| 260 |
_aUnited States ; _bUniversity of Illinois Press and Johns Hopkins University Press, _cWinter 2020. |
||
| 300 | _avolume 45, pages 285-286. | ||
| 500 | _aJournal of Education Finance, v. 45 n. 3, pages 285-286, Winter 2020. | ||
| 650 |
_aFinance. _949157 |
||
| 650 |
_aBudget. _949158 |
||
| 650 |
_aEducation. _949159 |
||
| 700 |
_aMendiola, Brenda. _eauthor. _949156 |
||
| 700 |
_aBynum, Yvette. _eauthor. _949160 |
||
| 942 |
_2ddc _cPER |
||
| 999 |
_c18225 _d18225 |
||